| 000 | nam a22 a 4500 | ||
|---|---|---|---|
| 999 |
_c2566 _d2566 |
||
| 003 | AKMAL | ||
| 005 | 20170517112622.0 | ||
| 008 | 170517s1989 my a000 may d | ||
| 020 | _a9836209182 | ||
| 040 | _aAKMAL | ||
| 082 | 0 | 4 | _a615 MOH |
| 090 |
_a615 _bMOH |
||
| 100 |
_aMohd Ramli Nordin _95353 |
||
| 245 | 1 | 0 |
_aPendidikan jasmani untuk kecergasan / _cMohd. Ramli Nordin |
| 260 |
_aKuala Lumpur : _bDewan Bahasa dan Pustaka, _c1989 |
||
| 300 | 0 | 0 |
_avii, 148ms ; _c25cm |
| 504 | _aBibliografi: ms. 145 | ||
| 650 |
_aPhysical fitness _94512 |
||
| 650 |
_aPhysical education and training _95354 |
||
| 942 |
_2ddc _cBOOK |
||